| 000 | 01091nmm a2200325 a 4500 | ||
|---|---|---|---|
| 001 | ocm000597315 | ||
| 003 | TR-IsHL | ||
| 005 | 20201028130905.0 | ||
| 008 | 131010s2007 tu tur | ||
| 007 | cr cn | ||
| 020 | _a9789944601597 | ||
| 035 |
_a597315 _b(N$T) |
||
| 050 | 0 | 4 |
_aHG3755.7 _bK57 2007 |
| 090 | 0 | 4 |
_aHG3755.7 _bK57 2007 |
| 100 | 1 | _aKırçova, İbrahim | |
| 245 | 1 | 0 |
_aKredi kartı kullanımının tüketici alışkanlıklarına ve alışverişlerin yer, zaman ve marka tercihlerine etkisi _h[electronic resource] / _cİbrahim Kırçova |
| 250 | _a1. bs. | ||
| 260 |
_aİstanbul : _bİstanbul Ticaret Odası, _c2007 |
||
| 300 | _a106 p. | ||
| 650 | 4 | _aEkonomi ve Finans | |
| 650 | 4 | _aEconomics and Finance | |
| 650 | 0 | _aKredi kartları | |
| 650 | 0 | _aCredit cards | |
| 650 | 0 | _aTüketici davranışı | |
| 650 | 0 | _aConsumer behavior | |
| 650 | 0 | _aSatın alma | |
| 650 | 0 | _aPurchasing | |
| 650 | 7 |
_aBUSINESS & ECONOMICS / Consumer Behavior _2bisacsh |
|
| 856 | 4 | 0 | _uhttp://search.ebscohost.com/login.aspx?direct=true&scope=site&db=e011xww&AN=597315 |
| 999 |
_c4265 _d4265 |
||